[Event "ICS Rated blitz match"]
[Site "207.99.83.227"]
[Date "1999.04.21"]
[Round "?"]
[White "Hossa"]
[Black "JudgeTurpin"]
[Result "1-0"]
[WhiteElo "2458"]
[BlackElo "2508"]
[Annotator "Fritz 5.32 (120s)"]
[PlyCount "65"]

1. d4 d5 2. e3 Nf6 3. Bd3 Bg4 4. Be2 (4. Ne2 c5 (4... e6 5. Nd2 Bd6 6. f3 Bh5
7. O-O c5 8. dxc5 Bxc5 9. Nb3 Bb6 10. Nf4 Bg6 11. Nxg6 hxg6 12. Bb5+ Nbd7 13.
Qe2 Qc7 14. g3 Kf8 15. Bd2 Ne5 16. Nd4 a6 17. Bd3 Nxd3 18. Qxd3 Nd7 19. Be1 Ne5
20. Qe2 Nc4 21. Rb1 Qe5 22. Bf2 Qh5 23. h4 g5 24. g4 Qh6 25. h5 g6 26. Kg2 gxh5
27. gxh5 Qf6 28. Rh1 Nd6 29. e4 e5 30. Ne6+ Qxe6 31. exd5 Qxd5 32. Bxb6 g4 33.
Rbd1 gxf3+ 34. Qxf3 Qxf3+ 35. Kxf3 Ke7 36. Ba5 Ke6 37. Bb4 Rad8 38. Bxd6 Rxd6
39. Rxd6+ Kxd6 40. Kg4 Ke6 41. h6 Kf6 42. Kh5 Rg8 43. h7 Rh8 44. Kh6 e4 45.
Rf1+ Ke6 46. Kg7 {1-0 Ovezova-Oney,F/Yerevan 1996 (46)}) 5. c3 Nc6 6. f3 Bh5 7.
O-O e6 8. Qe1 Bg6 9. Nf4 Bd6 10. Bb5 Qb6 11. Be2 Bxf4 12. exf4 cxd4 13. Kh1 O-O
14. Nd2 Rfc8 15. g4 dxc3 16. bxc3 Na5 17. Rg1 d4 18. cxd4 18... Qxd4 {
Heyman,J-Prie,E/Metz op 1994/0-1 (34)}) 4... Bxe2 5. Nxe2 $146 (5. Qxe2 5...
Nbd7 $11) 5... e6 6. O-O Nbd7 7. b3 c5 8. Bb2 cxd4 9. exd4 $15 (9. Nxd4 9...
Bd6 $11) 9... Qc7 10. Na3 (10. Ba3 10... Rc8 $11) 10... Bd6 11. Kh1 11... Bxh2
$11 (11... a6 12. h3 $15) 12. g3 Ng4 13. Qd3 13... h5 $16 (13... Qd8 14. Kg2
$14) 14. Nb5 Qb8 (14... Qa5 15. f3 Nh6 16. Nd6+ Kf8 17. Kxh2 $16) 15. Ba3 h4
16. Nd6+ Kf8 17. Nf5+ $14 (17. f3 Nge5 18. dxe5 hxg3 19. Nf5+ Ke8 20. Bd6 $18)
17... Ke8 18. Nf4 $17 (18. Bd6 $5 $142 {muss erwogen werden} 18... Qc8 19. f3
exf5 20. fxg4 $11) 18... exf5 19. Qe2+ 19... Nde5 $11 (19... Kd8 $5 {
ist zu beachten} 20. Qe7+ 20... Kc8 $15) 20. Qb5+ (20. f3 Bxg3 21. fxg4 fxg4
22. dxe5 Qc8 23. Nxd5 23... Qc6 $18) 20... Nd7 21. Qb4 $15 (21. Qe2+ Kd8 22.
Qe7+ 22... Kc8 $15) 21... Qd8 $16 (21... Kd8 $142 {sieht noch spielbar aus} 22.
Qe7+ 22... Kc8 $15) 22. Rae1+ Nde5 23. Rxe5+ $1 {haelt den Vorteil fest} 23...
Nxe5 24. Re1 $1 {huebsch. Mit der Mattdrohung Rxe5} 24... f6 (24... Kd7 {
sonst gehen die Lichter sofort aus} 25. Qxb7+ $1 {die Entscheidung} 25... Qc7
26. Qxd5+ Kc8 27. Qxa8+ Qb8 28. Qxb8+ Kxb8 29. Rxe5 hxg3 30. Rxf5 30... gxf2
$18) 25. dxe5 {Mit der Mattdrohung exf6} 25... Qd7 (25... Kf7 {
der letzte Widerstandsversuch} 26. Qxb7+ $1 {das wars} 26... Kg8 $18) 26. e6 $1
{triumphiert. Droht Matt: exd7} 26... Qc7 27. Nxd5 $1 {glaenzend gespielt.} (
27. Kxh2 $6 {verbietet sich, da} 27... hxg3+ 28. Kxg3 28... Kd8 $18) 27... Rc8
(27... Qd7 {aendert nichts am Ausgang der Partie} 28. exd7+ Kf7 29. Qc4 g5 30.
Qc3 Rh6 31. Re7+ Kg6 32. Qxf6+ Kh5 33. Qxf5 hxg3 34. Nf4+ Kh4 35. Qh3#) 28.
Nxc7+ (28. Kxh2 hxg3+ 29. Kg2 Rh2+ 30. Kf1 g2+ (30... Rxf2+ 31. Kg1 Rg2+ 32.
Kxg2 Qxc2+ 33. Kxg3 Rc3+ 34. Qxc3 f4+ 35. Kf3 Qxc3+ 36. Nxc3 b5 37. Nxb5 Kd8
38. e7+ Kc8 39. e8=Q+ Kb7 40. Re7+ Kb6 41. Qb8+ Kc6 42. Qb7#) 31. Ke2 Qxc2+ 32.
Ke3 Rh3+ 33. f3 f4+ 34. Qxf4 34... Rh1 $19 (34... Qxa2 $4 {vergiftet...} 35.
Qa4+ Rc6 36. Nc7+ Kd8 37. e7+ Kxc7 38. Qa5+ Rb6 39. Rc1+ Qc2 40. Rxc2+ Kd7 41.
Qd5+ Rd6 42. Qxd6+ Ke8 43. Rc8+ Kf7 44. e8=Q#)) 28... Rxc7 {Droht a6} 29. Qb5+
Rc6 (29... Kd8 {nuetzt auch nichts mehr} 30. e7+ Rxe7 31. Rxe7 Kc8 32. Qxb7+
Kd8 33. Qd7#) 30. Qxb7 Rxe6 31. Rxe6+ Kd8 32. Qc6 hxg3 (32... Bxg3 {
kann das Vorangegangene nicht ungeschehen machen} 33. Be7#) 33. Be7# 1-0

[Event "ICS rated blitz match"]
[Site "207.99.83.227"]
[Date "1999.04.21"]
[Round "?"]
[White "Hossa"]
[Black "JudgeTurpin"]
[Result "0-1"]
[WhiteElo "2461"]
[BlackElo "2505"]
[Annotator "Fritz 5.32 (120s)"]
[PlyCount "126"]

1. e4 c5 2. Bc4 e6 3. Nc3 a6 4. a4 4... Nf6 $146 (4... Nc6 5. Nf3 $11) (4... b6
5. d3 Nc6 6. Nge2 Nf6 7. Bg5 Be7 8. O-O h6 9. Bh4 O-O 10. f4 Ng4 11. Bxe7 Nxe7
12. Rf3 d5 13. Bb3 d4 14. Nb1 f5 15. Nd2 Ne3 16. Qe1 Bd7 17. Nc4 Nxc4 18. Bxc4
b5 19. axb5 {Seckelmann,M-Ilijin,N/Bern op 1994/1-0 (44)}) 5. e5 d5 6. exf6
dxc4 7. fxg7 Bxg7 8. Nf3 $15 (8. Qe2 Nc6 9. Qxc4 9... Nd4 $11) 8... Nc6 9. O-O
9... Nb4 $11 (9... b6 10. Ne1 $15) 10. Re1 10... Bd7 $11 (10... b6 $5 $15) 11.
Ne5 Bxe5 12. Rxe5 b6 (12... Bc6 13. Rxc5 Rg8 14. g3 $11) 13. Re4 Bc6 14. Rxc4
Rg8 15. f3 {Staerkt e4} 15... Qf6 {Droht entscheidend Nxc2} 16. Ne4 16... Qg7 {
Mit der Mattdrohung Qxg2} 17. Qe2 $11 (17. Ng3 17... Qf6 $16) 17... Bd5 18. Rc3
Na2 19. Re3 Nxc1 20. Rxc1 Qxb2 21. Qf1 $15 (21. Rd1 21... Rg6 $11) 21... Bxe4
22. Rxe4 Rd8 23. d3 b5 24. axb5 24... Qxb5 $14 (24... axb5 25. Ree1 $11) 25.
Rb1 25... Qd7 $16 (25... Qc6 $5 $14) 26. Qe2 $14 (26. Rb6 26... Ra8 $16) 26...
Qd6 27. Qe3 Qd5 (27... Rg6 28. Qf4 $14) 28. Ra4 Qd6 29. Rba1 Ra8 30. Qe4 {
Weiss erhaelt Koenigsangriff} 30... Qd5 $18 (30... Ke7 31. Qh4+ Kf8 32. Qxh7
$18) 31. Rxa6 Rxa6 32. Rxa6 32... Qxe4 {Es droht Matt} 33. fxe4 Ke7 34. Ra5 $16
(34. Rc6 34... Rg5 $18) 34... c4 35. dxc4 (35. Kf2 35... Rb8 $16) 35... Rg4 36.
Ra7+ Kf6 37. e5+ Kxe5 38. Rxf7 Rxc4 39. Rxh7 Rxc2 40. Rf7 Kd5 41. g4 Rc4 42. h3
e5 43. g5 Rc3 44. Kg2 Rc2+ 45. Kf3 (45. Rf2 45... Rc4 $18) 45... e4+ 46. Kg3
Rc1 (46... Ke5 47. h4 Rc1 48. Kg4 Rg1+ 49. Kh5 $18) 47. Kh4 (47. Re7 Rg1+ 48.
Kf4 Rf1+ 49. Kg4 Rg1+ 50. Kh5 50... Rg3 $18) 47... Rg1 (47... Ke6 48. Rf8 $18)
48. Kh5 (48. Re7 Kd4 49. Kh5 49... e3 $16) 48... Kd6 (48... Ke6 49. Rf8 $18)
49. g6 $4 $11 {danach wendet sich das Blatt} (49. Rf4 e3 50. Re4 $18) 49... e3
50. Rf3 $17 (50. Rf6+ $5 {muss geprueft werden} 50... Kd7 51. Rf7+ Kd6 52. Rf6+
Kd7 53. Rf7+ 53... Kd6 $11) 50... e2 {Droht Matt: e1Q} 51. Re3 $4 $19 {
vergibt den Vorteil} (51. Rd3+ $142 {bringt noch Rettung} 51... Kc6 52. Re3 $11
) 51... e1=Q {Es droht Matt} 52. Rxe1 Rxe1 53. g7 (53. Kh6 {aendert nichts mehr
} 53... Rg1 $19) 53... Rg1 {Droht Matt: Ke5} 54. Kh6 Ke6 55. Kh7 (55. g8=Q+ {
macht keinen grossen Unterschied} 55... Rxg8 56. Kh5 Kf5 57. Kh6 Kf6 58. Kh5
Rg7 59. Kh6 Rg5 60. h4 Re5 61. Kh7 Rh5+ 62. Kg8 Rxh4 63. Kf8 Rh8#) 55... Kf7
56. g8=Q+ (56. g8=B+ {hilft allerdings auch nicht} 56... Rxg8 57. Kh6 Ke7 58.
Kh7 Rg5 59. h4 Rg1 60. Kh6 Kf6 61. h5 Rh1 62. Kh7 Rxh5+ 63. Kg8 Rh1 64. Kf8
Rh8#) 56... Rxg8 57. Kh6 Kf6 58. Kh5 Rg7 59. Kh6 Rc7 60. h4 Rc5 61. Kh7 Rh5+
62. Kg8 Rxh4 63. Kf8 Rh8# 0-1

[Event "ICS Rated blitz match"]
[Site "207.99.83.227"]
[Date "1999.04.21"]
[Round "?"]
[White "JudgeTurpin"]
[Black "Hossa"]
[Result "1-0"]
[WhiteElo "2519"]
[BlackElo "2447"]
[Annotator "Fritz 5.32 (120s)"]
[PlyCount "104"]

1. d4 d5 2. Bf4 e6 3. e3 Nf6 4. Nd2 Bd6 (4... c5 5. c3 Nc6 6. Bd3 Bd6 7. Bxd6
Qxd6 8. f4 Bd7 9. Nh3 Ne7 10. O-O Bc6 11. Qb1 b6 12. Ng5 h6 13. Ngf3 O-O 14.
Ne5 Nd7 15. g4 f6 16. Bh7+ Kh8 17. Ng6+ Nxg6 18. Bxg6 f5 19. gxf5 exf5 20. Bxf5
Rae8 21. Rf3 Rf6 22. Rg3 Qe7 23. Qc2 Ref8 24. Bh3 g5 25. fxg5 hxg5 26. Rf1
Rxf1+ 27. Nxf1 Qf6 28. Qg2 {
1-0 Szabolcsi,J-Lukacs,P/FSGM Aug, Budapest HUN 1996 (28)}) (4... Be7 5. Bd3
O-O 6. Ngf3 c5 7. c3 Nc6 8. h4 cxd4 9. exd4 Re8 10. Qe2 Bd6 11. Ne5 Bxe5 12.
dxe5 Nd7 13. Nf3 Nf8 14. h5 d4 15. c4 Nb4 16. a3 Nxd3+ 17. Qxd3 b5 18. c5 Qc7
19. b4 {Kovacevic,S-Durao,P/Loures POR 1998/1-0 (46)}) 5. Nh3 $146 (5. Ngf3 b6
6. Bd3 Bb7 7. O-O O-O 8. c3 c5 9. Ne5 Ne4 10. Re1 Bxe5 11. Bxe5 Nd7 12. Bf4
Nxd2 13. Qxd2 Re8 14. Bg3 a6 15. f3 b5 16. dxc5 Nxc5 17. Bc2 Rc8 18. Rad1 Qg5
19. Bd6 19... Red8 {Rubinstein,A-Cohn,E/Karlsbad 1907/1-0 (56)}) (5. Bg3 O-O 6.
Bd3 c5 7. c3 Nc6 (7... b6 8. Ngf3 Bb7 9. Ne5 Nc6 10. f4 Ne7 11. Bh4 Ne4 12. Qc2
f5 13. Ndf3 Qe8 14. Qe2 Ng6 15. Nxg6 Qxg6 16. O-O h6 17. Ne5 Bxe5 18. dxe5 Qf7
19. Kh1 g5 20. Bxe4 gxh4 21. Bd3 Kh7 22. Ba6 Bxa6 23. Qxa6 Rg8 24. Qe2 Rg4 25.
Rf3 Rag8 26. Rg1 Qh5 27. Rh3 Qg6 28. Qf2 Qh5 29. Qf3 {
- Schleske,M-Albulet,R/Marbach-Tuebingen 1985 (29)}) 8. Ngf3 Re8 9. O-O Bxg3
10. hxg3 e5 11. Nxe5 Nxe5 12. dxe5 Rxe5 13. Nf3 Rh5 14. Be2 Qb6 15. Nh2 Rh6 16.
Qc2 Bd7 17. Rfd1 Re8 18. Bf3 Re5 19. Qb3 19... Qc7 {
Simon,A-Frank,M/Karlsbad 1911/1-0 (48)}) 5... Nbd7 6. Bxd6 cxd6 7. c4 7... Qb6
$14 (7... dxc4 8. Nxc4 Nb6 9. Qd2 $11) 8. Qc2 $11 (8. cxd5 $5 8... Nxd5 9. Nc4
$14) 8... Qc6 (8... e5 9. cxd5 exd4 10. e4 $11) 9. Rc1 O-O 10. cxd5 Qxd5 11.
Qc4 e5 (11... Qa5 12. b4 Qa3 13. Rc3 $11) 12. Qxd5 Nxd5 13. Nf3 exd4 14. Nxd4
14... Nc5 $14 (14... Ne5 15. Ng5 $11) 15. Bc4 Bxh3 16. Bxd5 16... Nd3+ $16 (
16... Be6 $5 $142 {sieht spielbar aus} 17. Bxe6 17... fxe6 $14) 17. Kd2 Nxc1
18. gxh3 18... Nxa2 {ob er will oder nicht, Schwarz muss Material hergeben} 19.
Bxa2 Rac8 20. Bd5 {Eine wichtige Figur} 20... Rc7 21. e4 {
Weiss erlangt Initiative} 21... Rfc8 22. Ra1 a6 23. Nf5 $14 (23. Ra3 23... Kf8
$16) 23... Rc2+ 24. Ke3 R8c7 25. Rb1 Rd7 26. Bb3 26... Rc5 $16 (26... Rc6 27.
Ba4 b5 28. Bb3 $16) 27. Rd1 Rc6 (27... Kf8 28. f4 $14) 28. e5 Rc5 29. f4 (29.
Rxd6 $6 29... Rxe5+ 30. Kd4 Rxd6+ 31. Nxd6 Re2 32. Bxf7+ 32... Kf8 $11) 29...
d5 30. Nd6 30... Rc6 $18 (30... Kf8 31. h4 $16) 31. Bxd5 Rcc7 32. h4 Kf8 33.
Bf3 Kg8 34. Bg4 Rd8 35. Rd2 a5 36. Rd5 b6 37. Rd2 h6 38. h3 Kh7 39. Bf3 39...
Kg6 $2 (39... Kg8 $18 $142) 40. Be4+ Kh5 41. Rg2 Kxh4 (41... Rxd6 42. exd6 Rd7
43. Rxg7 43... Rxd6 $18) 42. Nf5+ $1 {ein laestiges Schach} 42... Kxh3 43. Rxg7
{Droht Matt} (43. Nxg7 $6 {ist weit schwaecher wegen} 43... Rc1 44. Re2 44...
Rg1 $18) 43... Rc4 44. Bg2+ Kh2 45. Nh4 $1 {
das war die Absicht. Mit der Mattdrohung Nf3} 45... Rxf4 (45... Rd3+ 46. Kxd3
Rxf4 47. Nf3+ Rxf3+ 48. Bxf3 Kh3 49. Ke3 Kh2 50. Kf4 f6 51. Rg2+ Kh3 52. exf6
a4 53. Rg1 a3 54. Rh1#) 46. Kxf4 Rd4+ 47. Be4 Kh3 48. Nf3 Rxe4+ 49. Kxe4 h5 50.
Ng1+ Kh2 51. Kf3 b5 (51... Kh1 {holt die Kuh nicht vom Eis} 52. Ne2 Kh2 53. Rh7
h4 54. Rxh4#) 52. Rg2+ Kh1 1-0

[Event "ICS Rated blitz match"]
[Site "207.99.83.227"]
[Date "1999.04.21"]
[Round "?"]
[White "Hossa"]
[Black "JudgeTurpin"]
[Result "1-0"]
[WhiteElo "2434"]
[BlackElo "2532"]
[Annotator "Fritz 5.32 (120s)"]
[PlyCount "129"]

1. d4 d5 2. e3 Nf6 3. Bd3 g6 4. Nf3 (4. Nd2 Bg7 5. f4 O-O 6. Ngf3 c5 7. c3 b6
8. O-O Ba6 9. Bxa6 Nxa6 10. Ne5 Nc7 11. Qf3 Nce8 12. h4 Nd6 13. g4 e6 14. g5
Nfe4 15. Qh3 Nxd2 16. Bxd2 Ne4 17. Be1 Bxe5 18. fxe5 18... Qe7 {
Kjartansson,D-Gretarsdottir,G/Hellir, Reykjavic ICL 1997/1-0 (53)}) 4... c5 (
4... Bg7 5. O-O O-O 6. Qe2 Nc6 7. c3 Bg4 8. h3 Bxf3 9. Qxf3 e5 10. Qd1 Re8 11.
Nd2 Qd6 12. a3 a6 13. b4 Rad8 14. Bb2 exd4 15. cxd4 Ne4 16. Rc1 Nxd2 17. Qxd2
Nb8 18. a4 Bf8 19. b5 {Cruz,F-Dridi,A/Moscow olm 1994/1-0 (80)}) 5. dxc5 $146 (
5. c3 Nbd7 6. O-O Qc7 7. Nbd2 Bg7 8. e4 cxd4 9. Nxd4 O-O 10. Nb5 Qb6 11. exd5
Nxd5 12. a4 a6 13. a5 Qd8 14. Nd4 Nc5 15. Bc4 e5 16. N4b3 Ne6 17. Ne4 Nec7 18.
Nbc5 Kh8 19. Qb3 19... f5 {Mazel,I-Alatortsev,V/Leningrad TU 1938/1-0 (33)})
5... Nc6 6. Bb5 Bg4 7. Bd2 Bg7 8. Bc3 O-O 9. O-O Ne4 10. Bxg7 Kxg7 11. Bxc6
bxc6 12. Qd4+ f6 13. Nfd2 e5 14. Qa4 Be2 15. Re1 Bb5 16. Qb4 a5 17. Qa3 f5 18.
Nf3 f4 19. Nbd2 Nxd2 20. Nxd2 fxe3 21. Qxe3 Re8 22. Qc3 Qc7 23. Nf3 d4 24. Qd2
Rad8 25. Re4 a4 26. Rae1 a3 27. b3 Rd5 28. Qb4 Qb8 29. Qxa3 Kg8 30. Qa5 Rxc5
31. a4 Rd5 32. axb5 cxb5 33. Qd2 Qd6 34. Qh6 Re7 35. Qg5 Rc7 36. Rxe5 Rxe5 37.
Rxe5 Rxc2 38. Rxb5 d3 39. Rd5 {Es droht Matt} 39... Rc1+ 40. Qxc1 Qxd5 41. Qc4
{Droht Matt} 41... Qxc4 42. bxc4 Kg7 43. Kf1 Kf6 44. Ke1 Kf5 45. Kd2 Ke4 46.
Ng5+ Kd4 47. Nxh7 Kxc4 48. f4 Kd5 49. Kxd3 Ke6 50. Nf8+ 50... Kf6 {
Mit g5 waere Schwarz nun aus dem Groebsten heraus} 51. g4 Kf7 52. Nxg6 $1 {
nun ist alles klar} 52... Kxg6 53. g5 Kf5 54. g6 {Es droht Matt} 54... Kxg6 55.
Ke4 Kf6 56. f5 Kg5 (56... Ke7 {hilft allerdings auch nicht} 57. Ke5 Kf7 58. f6
Kg6 59. Ke6 Kg5 60. f7 Kf4 61. f8=Q+ Ke3 62. Kd5 Kd3 63. Qf3+ Kc2 64. Kc4 Kd2
65. Qf2+ Kd1 66. Kd3 Kc1 67. Qc2#) 57. Ke5 Kh5 58. f6 Kg6 59. Ke6 Kg5 60. f7
Kg6 (60... Kf4 {aendert nichts am Ausgang der Partie} 61. f8=Q+ Ke3 62. Kd5 Kd3
63. Qf3+ Kc2 64. Kc4 Kd2 65. Qf2+ Kd1 66. Kd3 Kc1 67. Qc2#) 61. f8=Q Kg5 (61...
Kh7 {aendert den traurigen Lauf der Dinge nicht} 62. Qf5+ Kh6 63. Qg4 Kh7 64.
Kf6 Kh6 65. Qg6#) 62. Qf7 (62. Qf6+ Kh5 63. Qg7 Kh4 64. Kf5 Kh5 65. Qg5#) 62...
Kh6 63. Qg8 Kh5 64. Kf5 Kh4 (64... Kh6 {aendert nichts mehr} 65. Qg6#) 65. Qh8#
(65. Qg4#) 1-0

[Event "ICS Rated blitz match"]
[Site "207.99.83.227"]
[Date "1999.04.21"]
[Round "?"]
[White "newfisher"]
[Black "Hossa"]
[Result "0-1"]
[WhiteElo "2143"]
[BlackElo "2454"]
[PlyCount "92"]

1. e4 e5 2. Nf3 Nf6 3. Nxe5 d6 4. Nf3 Nxe4 5. Qe2 Qe7 6. d3 Nf6 7. Bg5 Qxe2+ 8.
Bxe2 Be7 9. Nbd2 Nc6 10. c3 O-O 11. d4 Be6 12. O-O-O Bxa2 13. b3 Rfe8 14. Kb2
Bxb3 15. Nxb3 Ng4 16. Be3 Bf6 17. Rd3 Nxf2 18. Bxf2 Rxe2+ 19. Rd2 Ree8 20. Re1
Rxe1 21. Bxe1 a5 22. Re2 b5 23. Nbd2 b4 24. Ne4 bxc3+ 25. Bxc3 Be7 26. d5 Nb4
27. Bxb4 axb4 28. Kb3 f5 29. Neg5 Bxg5 30. Nxg5 h6 31. Ne6 Ra1 32. Kxb4 Rc1 33.
Kb3 c5 34. dxc6 Rxc6 35. Nd4 Rc5 36. Rc2 Re5 37. Rc7 d5 38. Rd7 f4 39. Kc3 Rg5
40. Ne6 Rxg2 41. Nxf4 Rxh2 42. Rd6 g5 43. Nxd5 Kf7 44. Rf6+ Kg7 45. Kd4 Rd2+
46. Ke5 46... Rxd5+ {newfisher resigns} 0-1

[Event "ICS Rated blitz match"]
[Site "207.99.83.227"]
[Date "1999.04.21"]
[Round "?"]
[White "Hossa"]
[Black "newfisher"]
[Result "1-0"]
[WhiteElo "2459"]
[BlackElo "2138"]
[PlyCount "102"]

1. d4 c6 2. e4 d5 3. exd5 cxd5 4. Bd3 Nc6 5. Ne2 Nf6 6. Bg5 e6 7. O-O Be7 8. c3
O-O 9. Qc2 h6 10. Be3 Rb8 11. Nd2 b5 12. Rae1 Na5 13. Bf4 Rb6 14. Nf3 Ba6 15.
Ng3 b4 16. Bxa6 Rxa6 17. Qe2 Rb6 18. cxb4 Bxb4 19. Rc1 Bd6 20. Bxd6 Qxd6 21. b3
Rc6 22. Ne5 Rxc1 23. Rxc1 Nd7 24. Nxd7 Qxd7 25. Qa6 Nb7 26. Qxa7 Rc8 27. Rxc8+
Qxc8 28. a4 Nd6 29. Qc5 Qb8 30. Qc3 g6 31. b4 Nc4 32. a5 Qb5 33. Nf1 Qa4 34.
Ne3 Nxe3 35. fxe3 Qd1+ 36. Kf2 Qg4 37. Qc8+ Kg7 38. Qc7 Qf5+ 39. Kg3 Qg5+ 40.
Kf3 Qf5+ 41. Qf4 Qb1 42. Qe5+ Kh7 43. Qc7 Kg7 44. Qc3 Qf1+ 45. Kg3 h5 46. h3
h4+ 47. Kh2 g5 48. Qc7 Qf2 49. a6 Qxe3 50. Qe5+ Qxe5+ 51. dxe5 51... d4 {
newfisher resigns} 1-0

[Event "ICS Rated blitz match"]
[Site "207.99.83.227"]
[Date "1999.04.21"]
[Round "?"]
[White "newfisher"]
[Black "Hossa"]
[Result "0-1"]
[WhiteElo "2134"]
[BlackElo "2463"]
[Annotator "Fritz 5.32 (15s)"]
[PlyCount "18"]

1. h3 e5 2. h4 Be7 3. g3 Nf6 4. Nh3 O-O 5. Ng5 Bb4 6. e3 d5 7. c3 Bd6 8. Bh3 h6
9. Nf3 e4 (9... e4 10. Ng1 10... Nc6 $17) 0-1

[Event "ICS Rated blitz match"]
[Site "207.99.83.227"]
[Date "1999.04.21"]
[Round "?"]
[White "Hossa"]
[Black "rajah"]
[Result "1-0"]
[WhiteElo "2467"]
[BlackElo "2373"]
[PlyCount "135"]

1. d4 Nf6 2. e3 e6 3. Bb5 Be7 4. Nf3 c5 5. Bd2 Qb6 6. Nc3 O-O 7. dxc5 Bxc5 8.
Qe2 a6 9. Na4 Qxb5 10. Qxb5 axb5 11. Nxc5 Nc6 12. Nd3 d6 13. Bb4 Nxb4 14. Nxb4
e5 15. Rd1 e4 16. Nd4 Bg4 17. Rd2 Ra5 18. a3 Rd8 19. O-O Be6 20. Re1 Kh8 21.
Red1 d5 22. Rf1 Ng4 23. Nb3 Ra7 24. c3 Ne5 25. Rfd1 Nc4 26. Rc2 Bg4 27. Rf1 Rd7
28. Nd4 Ra5 29. Kh1 Rd6 30. Rg1 Ne5 31. h3 Bh5 32. Rf1 Bg6 33. Rd1 Nd3 34. Rcd2
Kg8 35. Rf1 Kh8 36. f4 Nxb4 37. cxb4 Raa6 38. f5 Rf6 39. Kg1 Bh5 40. g4 Bxg4
41. hxg4 Rh6 42. Nxb5 Rh3 43. Rxd5 h5 44. Rd8+ Kh7 45. Nd6 Rg3+ 46. Kf2 Rf3+
47. Ke2 Rxf1 48. Kxf1 hxg4 49. Nxe4 f6 50. Nc5 Ra7 51. Rd7 Kh6 52. Rxb7 Rxb7
53. Nxb7 Kg5 54. a4 Kh4 55. Kg2 Kg5 56. Nd6 g6 57. Kg3 Kh5 58. fxg6 Kxg6 59.
Kxg4 f5+ 60. Nxf5 Kf7 61. a5 Kf6 62. a6 Ke6 63. a7 Kd5 64. a8=Q+ Kc4 65. Nd4
Kd3 66. Qa3+ Ke4 67. Qb3 Ke5 68. Qe6# {rajah checkmated} 1-0

[Event "ICS rated bullet match"]
[Site "207.99.83.227"]
[Date "1999.04.21"]
[Round "?"]
[White "TDChess"]
[Black "Hossa"]
[Result "1-0"]
[WhiteElo "2474"]
[BlackElo "2483"]
[Annotator "Crafty v16.6"]
[PlyCount "119"]

{annotating for player Hossa using a scoring margin of +0.10 pawns. search
time limit is 10.00} 1. d4 1... d5 2. c4 dxc4 3. Nf3 e6 ({7:-0.06} 3... e6 4.
Qa4+ Nc6 5. Qxc4 Bb4+ 6. Bd2 Qd6 7. a3 Bxd2+ 8. Nbxd2 8... Nf6 $10) ({7:+0.23} 
3... b5 4. Nc3 Ba6 5. Bg5 Nf6 6. a4 6... b4 $10) 4. e3 b5 5. a4 c6 6. axb5 cxb5
7. b3 Qd5 ({7:-0.01} 7... Qd5 8. bxc4 bxc4 9. Ra4 Ba6 10. Nbd2 Bb5 11. Bxc4
Bxa4 12. Bxd5 Bxd1 13. Bxa8 $10) ({7:+0.22} 7... Nf6 8. bxc4 b4 9. Bd3 Be7 10.
O-O 10... O-O $10) 8. bxc4 bxc4 9. Qc2 Qd8 ({7:-0.58} 9... Qd8 10. Bxc4 Bb7 11.
Nbd2 Bxf3 12. Bb5+ Nd7 13. Nxf3 $14) ({7:-0.32} 9... Qc6 10. Ba3 Bd6 11. Bxd6
Qxd6 12. Nbd2 c3 13. Qxc3 $14) 10. Bxc4 Nf6 11. O-O Bb7 12. Nbd2 Nc6 ({7:-1.00
} 12... Nc6 13. Ne5 Qb6 14. Rb1 Bb4 15. Qa4 15... Rb8 $16) ({7:-0.64} 12... Bd6
13. e4 Bf4 14. e5 Nd5 15. Qe4 15... f5 $14) 13. Qa4 Qd7 14. Bb5 Bd6 15. Nc4 a6
16. Nxd6+ Qxd6 17. Be2 Qd7 18. Bd2 O-O 19. Rab1 Ne4 20. Ba5 Rab8 21. Rfc1 Rfc8
22. Be1 Ra8 23. Rb6 Nf6 24. Rcb1 Rcb8 25. Bd3 Nd5 26. R6b2 Nf6 27. Bc3 Nd5 28.
Ba5 Nf6 29. Rb3 Nxa5 30. Qxa5 Qc8 31. Ne5 Ra7 32. Qc5 Qxc5 33. dxc5 Ne8 34. c6
f6 35. Nd7 Bxc6 36. Nxb8 Bd5 37. Rb6 f5 38. Nxa6 Kf7 39. Be2 Nf6 40. Rc1 Nd7
41. Rb4 Kg6 42. Bb5 Ne5 43. Rd1 Kh5 44. Be2+ Kg6 45. Rf4 Bb3 46. Rc1 Rd7 47.
Nc5 Rd2 48. Nxb3 Rxe2 49. Nd4 Ra2 50. Nxe6 Nd3 51. Nf8+ Kg5 52. h4+ Kh5 53.
Rxf5+ Kh6 54. g4 Ra5 55. Rc6+ g6 56. Rf7 Ra1+ 57. Kh2 Rh1+ 58. Kxh1 Nxf2+ 59.
Kg2 Nxg4 60. Rxh7# 1-0

[Event "ICS Rated blitz match"]
[Site "207.99.83.227"]
[Date "1999.04.21"]
[Round "?"]
[White "Hossa"]
[Black "JudgeTurpin"]
[Result "0-1"]
[WhiteElo "2479"]
[BlackElo "2531"]
[Annotator "Crafty v16.6"]
[PlyCount "99"]

{annotating for player Hossa using a scoring margin of +0.10 pawns. search
time limit is 10.00} 1. d4 1... d5 2. e3 Nf6 3. Bd3 ({8:-0.29} 3. Bd3 3... e6
4. Nf3 Bd6 5. O-O O-O 6. Nbd2 6... Nc6 $10) ({8:-0.13} 3. Nf3 3... e6 4. Bb5+
Bd7 5. Bxd7+ Nfxd7 6. c4 dxc4 7. Qa4 Nc6 8. Qxc4 $10) 3... Nc6 4. Nf3 Bg4 5.
O-O e5 6. dxe5 Nxe5 7. Nbd2 ({8:-0.17} 7. Nbd2 7... Nxf3+ 8. Nxf3 Bc5 9. Bb5+
c6 10. Be2 O-O 11. Ne5 Bxe2 12. Qxe2 12... Ne4 $10) ({8:-0.03} 7. Be2 7...
Nxf3+ 8. Bxf3 Qd7 9. Bd2 O-O-O 10. Bc3 Bxf3 11. Qxf3 Ne4 12. Be5 $10) 7... Bd6
8. Bb5+ c6 9. Be2 Qe7 10. Re1 O-O-O 11. c3 ({7:-0.21} 11. c3 11... Nxf3+ 12.
Nxf3 Rhe8 13. Bd2 Kb8 14. Ng5 Bf5 15. Rc1 $10) ({7:+0.00} 11. Nxe5 11... Bxe2
12. Rxe2 Qxe5 13. Nf3 Qf5 14. Qd4 14... Kb8 $10) 11... Ne4 12. Nxe5 Bxe2 13.
Qxe2 Qxe5 14. Nf3 Qh5 15. h3 Rhe8 16. Qc2 Qg6 17. Nh4 Qe6 18. Nf3 Kb8 19. Rd1
Bc7 20. Bd2 h5 21. Rac1 g6 22. c4 dxc4 23. Qxc4 Qxc4 24. Rxc4 c5 25. h4 b5 26.
Rcc1 Kb7 27. b3 a6 28. a4 Rd3 29. axb5 axb5 30. b4 Red8 31. bxc5 Nxd2 32. Kh1
Nxf3 33. Rxd3 Rxd3 34. c6+ Kb6 35. gxf3 b4 36. Rc4 Kb5 37. Rc1 Rc3 38. Rd1 Rxc6
39. Rd5+ Rc5 40. Rd3 Rc3 41. Rd2 b3 42. Kg2 Rc2 43. Rd3 b2 44. Rb3+ Kc4 45. Rb7
Ba5 46. Rxb2 Rxb2 47. e4 Be1 48. Kg3 Bxf2+ 49. Kh3 Kd4 50. Kg2 0-1

[Event "ICS Rated blitz match"]
[Site "207.99.83.227"]
[Date "1999.04.21"]
[Round "?"]
[White "rajah"]
[Black "Hossa"]
[Result "1/2-1/2"]
[WhiteElo "2361"]
[BlackElo "2465"]
[PlyCount "54"]

1. d4 d5 2. c4 dxc4 3. Nf3 e6 4. e3 b5 5. Be2 c5 6. O-O cxd4 7. Nxd4 a6 8. Nc3
Bb7 9. Bf3 Ra7 10. Bxb7 Rxb7 11. Qf3 Rd7 12. a4 b4 13. Ne4 e5 14. Ne2 Nh6 15.
N4g3 Qh4 16. Qa8 Bd6 17. Ne4 O-O 18. Qd5 Ng4 19. h3 Nf6 20. Nxf6+ gxf6 21. Ng3
Be7 22. Qf3 Qg5 23. Nf5 Qg6 24. Nh4 Qg7 25. Nf5 Qg6 26. Nh4 Qg7 27. Nf5 27...
Qg6 {Game drawn by repetition} 1/2-1/2

[Event "ICS Rated blitz match"]
[Site "207.99.83.227"]
[Date "1999.04.21"]
[Round "?"]
[White "supernerd"]
[Black "Hossa"]
[Result "0-1"]
[WhiteElo "2245"]
[BlackElo "2460"]
[PlyCount "79"]

1. d4 d5 2. e3 Nf6 3. Bd3 Nc6 4. f4 Nb4 5. Be2 Bf5 6. Na3 e6 7. c3 Nc6 8. Nc2
Ne4 9. Nf3 Bd6 10. O-O O-O 11. Nce1 Qf6 12. Nd3 Rae8 13. Bd2 Kh8 14. Be1 Qh6
15. Nf2 Be7 16. Nxe4 Bxe4 17. Bg3 Qg6 18. Qd2 Kg8 19. Bb5 f6 20. a3 Bd6 21. c4
dxc4 22. Bxc4 Qg4 23. Rac1 Rd8 24. Qc3 Kh8 25. Nd2 Bd5 26. b4 Ne7 27. Nb3 Nf5
28. Bxd5 exd5 29. Bf2 Rfe8 30. Rce1 Re7 31. Na5 Rb8 32. a4 c6 33. h3 Qg6 34.
Kh2 Rf8 35. g3 Bb8 36. Nb3 Rfe8 37. Nc5 Rxe3 38. Rxe3 Rxe3 39. Qd2 Nxg3 40.
Qxe3 {supernerd resigns} 0-1